Southville International School and Colleges
Your cart is empty.
  • Cart
  • Lists
    Public lists Eva Luna New books Lux_list list_1
    Your lists Log in to create your own lists
  • Log in to your account
  • Your cookies
  • Search history
Southville International School and Colleges
  • Advanced search
  • Recent comments
  • Most popular
  • Libraries

Log in to your account

Log in with GOOGLE


If you do not have an external account, but do have a local account, you can still log in:

  1. Home
  2. MARC view: Chemistry :
Normal view MARC view ISBD view

Chemistry : (Record no. 2120)

[ view plain ]
MARC details
000 -LEADER
fixed length control field 00656nam a22002177a 4500
003 - CONTROL NUMBER IDENTIFIER
control field OSt
005 - DATE AND TIME OF LATEST TRANSACTION
control field 20180411085958.0
008 - FIXED-LENGTH DATA ELEMENTS--GENERAL INFORMATION
fixed length control field 130307t xxu||||| |||| 00| 0 eng d
020 ## - INTERNATIONAL STANDARD BOOK NUMBER
International Standard Book Number 0130491403
050 ## - LIBRARY OF CONGRESS CALL NUMBER
Classification number QD 31.2
Item number .B88 2004
082 ## - DEWEY DECIMAL CLASSIFICATION NUMBER
Classification number IB 540
Item number C42 2004
100 ## - MAIN ENTRY--PERSONAL NAME
Personal name Brown, Theodore L.
245 ## - TITLE STATEMENT
Title Chemistry :
Statement of responsibility, etc Kenneth W. Whitten, Raymond E. Davis, M. Larry Peck and George G. Stanley.
Remainder of title the central science
250 ## - EDITION STATEMENT
Edition statement 9th ed.
260 ## - PUBLICATION, DISTRIBUTION, ETC. (IMPRINT)
Place of publication, distribution, etc Jurong, Singapore :
Name of publisher, distributor, etc Pearson Education (Asia) Pte Ltd.
Date of publication, distribution, etc c2004.
300 ## - PHYSICAL DESCRIPTION
Extent xxxvii, 1045 p.
Other physical details ill. ;
Dimensions 27 cm.
526 ## - STUDY PROGRAM INFORMATION NOTE
Reading level 920L-1120L
562 ## - COPY AND VERSION IDENTIFICATION NOTE
Number of copies 1
942 ## - ADDED ENTRY ELEMENTS (KOHA)
Source of classification or shelving scheme Library of Congress Classification
Koha item type Books
Holdings
Withdrawn status Lost status Source of classification or shelving scheme Damaged status Home library Current library Shelving location Date acquired Total Checkouts Full call number Barcode Date last seen Copy number Price effective from Koha item type Source of acquisition Date checked out
    Library of Congress Classification   Luxembourg Library Luxembourg Library International Baccalaureate Section 03/07/2013   QD 31.2 .B88 2004 14840 08/13/2013 1 10/03/2013 Books    
    Library of Congress Classification   Luxembourg Library Luxembourg Library International Baccalaureate Section 06/22/2013 4 QD 31.2 .B88 2004 13751 04/24/2018 2 10/03/2013 Books Donation 04/16/2018

Chemistry :

APA

Brown T. L., . (2004). Chemistry. Jurong, Singapore: Pearson Education (Asia) Pte Ltd.

Chicago

Brown Theodore L, . 2004. Chemistry. Jurong, Singapore: Pearson Education (Asia) Pte Ltd.

Harvard

Brown T. L., . (2004). Chemistry. Jurong, Singapore: Pearson Education (Asia) Pte Ltd.

MLA

Brown Theodore L, . Chemistry. Jurong, Singapore: Pearson Education (Asia) Pte Ltd. 2004.

  • Place hold
  • Print
  • Cite
  • Add to your cart (remove)
  • Save record
    BIBTEX Dublin Core MARCXML MARC (non-Unicode/MARC-8) MARC (Unicode/UTF-8) MARC (Unicode/UTF-8, Standard) MODS (XML) RIS
  • More searches
    Search for this title in:
    Other Libraries (WorldCat) Other Databases (Google Scholar) Online Stores (Bookfinder.com) Open Library (openlibrary.org)

Exporting to Dublin Core...

SOUTHVILLE LIBRARY

Southville International School and Colleges Library

1281 Tropical Ave. Cor. Luxembourg St., BF Homes International, Las Pinas City

Tel. No. 8256374 / 252358 Loc. 117/146

Powered by Koha